LIBRARY & INFORMATION CENTRE, KCAET, TAVANUR

ONLINE PUBLIC ACCESS CATALOGUE (OPAC)

Planning in India (Record no. 11145)

MARC details
000 -LEADER
fixed length control field 00407cam a2200157ua 4500
003 - CONTROL NUMBER IDENTIFIER
control field OSt
008 - FIXED-LENGTH DATA ELEMENTS--GENERAL INFORMATION
fixed length control field 221108b |||||||| |||| 00| 0 eng d
041 ## - LANGUAGE CODE
Language code of text/sound track or separate title eng
082 ## - DEWEY DECIMAL CLASSIFICATION NUMBER
Classification number 338.9
Item number KRI/PL
100 ## - MAIN ENTRY--AUTHOR NAME
Personal name V.T, Krishna .
245 00 - TITLE STATEMENT
Title Planning in India
260 ## - PUBLICATION, DISTRIBUTION, ETC. (IMPRINT)
Place of publication Bomay :
Name of publisher Orient longmans ,
Year of publication 1961.
300 ## - PHYSICAL DESCRIPTION
Number of Pages
650 ## - SUBJECT ADDED ENTRY--TOPICAL TERM
Topical Term Cultural unity/plannig/five year planns/irrigaton
942 ## - ADDED ENTRY ELEMENTS (KOHA)
Koha item type Books
Holdings
Withdrawn status Lost status Damaged status Home library Current library Date acquired Full call number Accession Number Koha item type
Withdrawn     KAUAET Sanskrit University 07/04/2012 338.9 2483 Books
free website counter